Kỹ thuật Robot /

محفوظ في:
التفاصيل البيبلوغرافية
المؤلف الرئيسي: Đào Văn Hiệp, PGS.TS
التنسيق: كتاب
اللغة:Vietnamese
منشور في: Khoa học và kỹ thuật 2006
الوسوم: إضافة وسم
لا توجد وسوم, كن أول من يضع وسما على هذه التسجيلة!
Thư viện lưu trữ: Mạng thư viện Đại học Đà Nẵng
LEADER 00632nam a2200265 4500
001 000027207
003 ĐA-HU
005 20150403120000.0
008 150403s vm 000 vie
020 |c 0,0000 
040 |a notts 
100 |a Đào Văn Hiệp, PGS.TS 
245 |a Kỹ thuật Robot /  |c Đào Văn Hiệp. 
260 |b Khoa học và kỹ thuật  |c 2006 
OWN |a LTT 
999 |a From the UDN01 
TYP |a Monograph 
TYP |a Printed language 
980 |a Mạng thư viện Đại học Đà Nẵng